Facing the future : Mastering the probable and managing the unpredictable

Gorde:
Xehetasun bibliografikoak
Formatua: Liburua
Hizkuntza:Undetermined
Argitaratua: Paris Organisation for Economic Co-Operation and Development 1979
Gaiak:
Etiketak: Etiketa erantsi
Etiketarik gabe, Izan zaitez lehena erregistro honi etiketa jartzen!
Thư viện lưu trữ: Trung tâm Học liệu Trường Đại học Cần Thơ
LEADER 00523nam a2200169Ia 4500
001 CTU_86675
008 210402s9999 xx 000 0 und d
082 |a 330.9 
082 |b F141 
245 0 |a Facing the future : 
245 0 |b Mastering the probable and managing the unpredictable 
260 |a Paris 
260 |b Organisation for Economic Co-Operation and Development 
260 |c 1979 
650 |a Economic forecasting,Economic history 
904 |i Năm 
980 |a Trung tâm Học liệu Trường Đại học Cần Thơ